5 Rivers of Hades Quiz Stats

 Plays Quiz Updated Feb 27, 2020

Support Sporcle.
Go Orange.
Score 0/5 Timer 01:00
3 Plays Today
Hint % Correct
The river of hateStyx
97.8%
The river of oblivionLethe
56.1%
The river of woeAcheron
45.7%
The river of firePhlegethon
40.5%
The river of lamentationCocytus
39.4%

You're not logged in!

Compare scores with friends on all Sporcle quizzes.
OR
Log In

From the Vault

'Halloween-Time' Horrors

by skuban

This is exactly the point when the movie starts getting scary.
Remove Ads.
Support Sporcle.
Get the best of Sporcle when you Go Orange. This ad-free experience offers more features, more stats, and more fun while also helping to support Sporcle. Thank you for becoming a member.

Show Comments

Extras

Top Quizzes Today


Score Distribution

Your Account Isn't Verified!

In order to create a playlist on Sporcle, you need to verify the email address you used during registration. Go to your Sporcle Settings to finish the process.

Report this User

Report this user for behavior that violates our Community Guidelines.

Details: